1241 1585 1093 1382 1170 1563 1613 1856 1347 1226 1152 1526 1449 1074 1559 1814 1320 1492 1488 1880 1772 1497 1515 1871 1479 1866 1550 1878 1872 1022 1077 1231 1235 1810 1598 1381 1132 1754 1231 1509 1721 1342 1766 1269 1172 1068 1127 1646 1023 1086 1145 1991 1346 1926 1368 1288 1809 1360 1852 1211 1920 1272 1579 1410 1374 1223 1965 1798 1960 1889 1157 1417 1809 1541 1405 1683 1031 1372 1874 1212 1279 1768 1651 1554 1289 1938 1620 1413 1130 1087 1706 1861 1726 1347 1015 1848 1997 1538 1181 BCNSPRNW ULIB Ver.6.0+V

เปลี่ยนเป็นภาษาไทย

Change to English
 แสดงรายละเอียดบรรณานุกรม
  กลับหน้าหลัก

Brief Record : Get Marc (ISO 2709) : E-mail record : QR code < ปิดหน้าต่าง
LEADER : 00000nam 2200000uu 4500
001    13399111343
003     ULIB
008    110622s2551||||th 000 0 tha d
020    9741335407
060 04 WY85^bส733จ 2551
100 0  สิวลี ศิริไล
245 10 จริยศาสตร์สำหรับพยาบาล /^cสิวลี ศิริไล
250    พิมพ์ครั้งที่ 10
260    กรุงเทพฯ :^bโรงพิมพ์แห่งจุฬาลงกรณ์มหาวิทยาลัย,^c2551
300    279 หน้า ;^c21 ซม.
650  7 จรรยาบรรณพยาบาล
650  7 จริยศาสตร์
945    ^p150^l0^i15373
995     เกษร
999    ^aใช้งานได้ทุกระบบ
รายการนี้ยังไม่มีแท็ก
คุณยังไม่ได้ล็อกอิน คุณสามารถมีกิจกรรมร่วมกับเว็บไซต์ได้ แต่ต้องล็อกอินก่อน ::
  ล็อกอิน

รายการสื่อสารสนเทศ

ลำดับที่ ประเภท เลขเรียก/บาร์โค้ด สถานที่ สถานะ
1. วิทยาศาสตร์การแพทย์ และสุขภาพ
วิทยาศาสตร์การแพทย์ และสุขภาพ
WY85 ส733จ 2551  
  Barcode: 15373
ห้องสมุดวิทยาเขตสวรรค์ประชารักษ์
►ส่วนจัดเก็บหนังสือเก่า สปร
บนชั้น
  ขอยืม

รายการใกล้เคียง
    ผู้แต่ง [สิวลี ศิริไล]

    หัวเรื่อง [จรรยาบรรณพยาบาล]
    หัวเรื่อง [จริยศาสตร์]

BibComment


ยังไม่เคยถูกคอมเมนท์

คอมเมนท์ทรัพยากรรายการนี้
  คอมเมนท์: จริยศาสตร์สำหรับพ..


 Copyright 2026. Bcnsprnw @Library